000 00573nam a2200205Ia 4500
005 20250923144851.0
008 008 250917s9999 xx 000 0 eng d
037 _aTextual
040 _aDSWL
_beng
_cDSWL
041 _aeng
_2eng
084 _aY1:1:5, K2
_qDSWL
100 _aMoore, Wilbert E.
_9829227
245 0 _aSocial change
_cby Wilbert E. Moore
260 _aNew Jersey
_bJersey Prentice Hall, Inc.
_c1963
300 _aviii,120p.
365 _aUSD
_b4.95
925 _g4.95
942 _cTEXL
_hY1:1:5, K2
999 _c1444353
_d1444353